Fusion strategy (Record no. 4529)

MARC details
000 -CABECERA
campo de control de longitud fija 02662cam a2200289 i 4500
001 - NÚMERO DE CONTROL
campo de control 23348108
005 - FECHA Y HORA DE LA ÚLTIMA TRANSACCIÓN
campo de control 20260511122106.0
008 - DATOS DE LONGITUD FIJA--INFORMACIÓN GENERAL
campo de control de longitud fija 231012s2024 maua 001 0 eng
010 ## - NÚMERO DE CONTROL DE LA BIBLIOTECA DEL CONGRESO
Número de control de LC 2023046078
020 ## - NÚMERO INTERNACIONAL ESTÁNDAR DEL LIBRO
Número Internacional Estándar del Libro 9781647826253
Información calificativa (hardcover)
040 ## - FUENTE DE LA CATALOGACIÓN
Centro catalogador/agencia de origen DLC
Lengua de catalogación eng
Normas de descripción rda
Centro/agencia transcriptor DLC
Centro/agencia modificador DLC
042 ## - CÓDIGO DE AUTENTICACIÓN
Código de autenticación pcc
050 00 - SIGNATURA TOPOGRÁFICA DE LA BIBLIOTECA DEL CONGRESO
Número de clasificación HD30.2
Número de documento/Ítem .G687 2024
100 ## - ENTRADA PRINCIPAL--NOMBRE DE PERSONA
Nombre de persona Govindarajan, Vijay
Término indicativo de función/relación author.
9 (RLIN) 12547
245 10 - MENCIÓN DE TÍTULO
Título Fusion strategy
Resto del título : how real-time data and AI will power the industrial future
Mención de responsabilidad, etc. / Vijay Govindarajan, Venkat Venkatraman.
264 #1 - PRODUCCIÓN, PUBLICACIÓN, DISTRIBUCIÓN, FABRICACIÓN Y COPYRIGHT
Producción, publicación, distribución, fabricación y copyright Boston, Massachusetts :
Nombre del de productor, editor, distribuidor, fabricante Harvard Business Review Press,
Fecha de producción, publicación, distribución, fabricación o copyright [2024]
300 ## - DESCRIPCIÓN FÍSICA
Extensión vi, 214 pages :
Otras características físicas illustrations ;
Dimensiones 25 cm
500 ## - NOTA GENERAL
Nota general Includes index.
505 0# - NOTA DE CONTENIDO CON FORMATO
Nota de contenido con formato Part one — When steel meets silicon — The industrial past is prologue — Digital upstarts vanquished consumer giants — Industrial giants are striking back — Four battlegrounds — <br/><br/>Part two — Vectors of value — The battle of brilliant machines — The race for remarkable services results — The showdown of smart systems — The clash of custom solutions — <br/><br/>Part three — Conquering the fusion frontier — Fusion principles and practices
520 ## - SUMARIO, ETC.
Sumario, etc. "Tech giants like Facebook, Amazon, and Google can collect real-time data from billions of users. For companies that design and manufacture physical products, that type of fluid, data-rich information used to be a pipe dream. Now, with the rise of cheap and powerful sensors, computing power, and artificial intelligence, things are changing-fast. In Fusion Strategy, world-renowned innovation guru Vijay Govindarajan and digital strategy expert Venkat Venkataraman offer a first-of-a-kind playbook that will help companies combine what they do best-create physical products-with what digitals do best-use algorithms and artificial intelligence to parse ginormous, interconnected datasets-to make strategic connections that would otherwise be impossible. The laws of competitive advantage are changing, rewarding those who have the most robust real-time insights rather than the most valuable assets. To compete in the new digital age, companies need to use real-time data to turbocharge their products, strategies, and customer relationships. Or else they'll fall on the wrong side of the next great digital divide. Fusion Strategy is the way forward"--
Fuente proveedora Provided by publisher.
650 #0 - PUNTO DE ACCESO ADICIONAL DE MATERIA--TÉRMINO DE MATERIA
Término de materia o nombre geográfico como elemento de entrada Information technology
Subdivisión general Management
9 (RLIN) 11628
650 #0 - PUNTO DE ACCESO ADICIONAL DE MATERIA--TÉRMINO DE MATERIA
Término de materia o nombre geográfico como elemento de entrada Big data
9 (RLIN) 10176
650 #0 - PUNTO DE ACCESO ADICIONAL DE MATERIA--TÉRMINO DE MATERIA
Término de materia o nombre geográfico como elemento de entrada Artificial Intelligence
9 (RLIN) 14147
700 ## - ENTRADA AGREGADA--NOMBRE PERSONAL
Nombre de persona Venkatraman, Venkat,
Término indicativo de función/relación author.
9 (RLIN) 24884
942 ## - ELEMENTOS DE ENTRADA AGREGADA (KOHA)
Fuente del sistema de clasificación o colocación Clasificación de Library of Congress
Holdings
Estado de retiro Estado de pérdida Fuente del sistema de clasificación o colocación Estado dañado No para préstamo Biblioteca de origen Biblioteca actual Fecha de adquisición Total de préstamos Renovaciones totales Signatura topográfica completa Código de barras Fecha visto por última vez Fecha del último préstamo Número de copia Precio válido a partir de Tipo de ítem Koha
    Clasificación de Library of Congress     TBS Barcelona TBS Barcelona 11/03/2025 1 1 HD30.2 GOV B05923 23/10/2025 18/09/2025 1 11/03/2025 Book

Powered by Koha